000 00808nam a22002537a 4500
005 20170123162343.0
010 _a417430
020 _c4.00
035 _a417430
037 _bCen Lib/Ret
040 _aDPL
_bUR
082 _a841
_bخ ل ی
100 _aخلیل الرحمن اعظمی
_9113509
245 _aنیا عہد نامہ /
_cخلیل الرحمن اعظمی
246 _aNaya ahad nama /
_bby Khalil-Ur-Rahman Azmi
260 _aعلیگڑھ
_bانجمن بک ہاؤس
_c1965
270 _bعلیگڑھ
_aمحمّد علی روڈ
300 _a152p.
_c21cm(Hb)
650 _aادب -- اردو
_9139635
650 _aاردو نظم
_9139636
650 _aLiterature -- Urdu
_9139637
650 _aUrdu poetry
_9139638
942 _2ddc
_cUR
_h841
_mخ ل ی
999 _c108651
_d108651